1688 1834 1603 1716 1908 1514 1983 1012 1646 1638 1326 1381 1400 1604 1377 1561 1973 1733 1562 1570 1679 1507 1183 1269 1513 1066 1073 1006 1611 1585 1462 1053 1540 1009 1236 1571 1664 1575 1597 1676 1752 1949 1188 1299 1564 1789 1029 1460 1629 1671 1050 1779 1319 1562 1198 1025 1980 1776 1928 1968 1959 1518 1599 1557 1449 1092 1469 1214 1225 1704 1013 1373 1703 1160 1223 1123 1885 1169 1620 1711 1953 1569 1674 1209 1560 1322 1643 1566 1844 1977 1854 1248 1742 1221 1142 1432 1734 1516 1785 BCNSPRNW ULIB Ver.6.0+V

เปลี่ยนเป็นภาษาไทย

Change to English
 แสดงรายละเอียดบรรณานุกรม
  กลับหน้าหลัก

Brief Record : Get Marc (ISO 2709) : E-mail record : QR code < ปิดหน้าต่าง
LEADER : 00000nam 2200000uu 4500
001    13399123557
003     ULIB
008    141008s2556 th a 000 0 tha d
020    9786163358349
060  4 WC528^bป418ร
100    ประเสริฐ ทองเจริญ
245    ระบาดบันลือโลก 22 : โรคไข้เลือดออกเด็งกี่ /^cประเสริฐ ทองเจริญ
250    พิมพ์ครั้งที่ 1
260    กรุงเทพฯ :^bอักษรสมัย(๑๙๙๙),^c2556
300    174หน้า;^b18.5 ซม.
650    โรคไข้เลือดออกเด็งกี่
945    ^p200^l0^i21141
945    ^p200^l0^i21142
945    ^p200^l0^i21143
945    ^p200^l0^i21144
945    ^p200^l0^i21145
999    ^aทศพร เกษรทอง
รายการนี้ยังไม่มีแท็ก
คุณยังไม่ได้ล็อกอิน คุณสามารถมีกิจกรรมร่วมกับเว็บไซต์ได้ แต่ต้องล็อกอินก่อน ::
  ล็อกอิน

รายการสื่อสารสนเทศ

ลำดับที่ ประเภท เลขเรียก/บาร์โค้ด สถานที่ สถานะ
1. วิทยาศาสตร์การแพทย์ และสุขภาพ
หนังสือสำรอง
สถานะ=หนังสือสำรอง
WC528 ป418ร ฉ.1 
  Barcode: 21141
ห้องสมุดวิทยาเขตนครสวรรค์
►หนังสือทั่วไป:l:General Books
บนชั้น
2. วิทยาศาสตร์การแพทย์ และสุขภาพ
วิทยาศาสตร์การแพทย์ และสุขภาพ
WC528 ป418ร ฉ.2 
  Barcode: 21142
ห้องสมุดวิทยาเขตนครสวรรค์
►หนังสือทั่วไป:l:General Books
บนชั้น
3. วิทยาศาสตร์การแพทย์ และสุขภาพ
วิทยาศาสตร์การแพทย์ และสุขภาพ
WC528 ป418ร ฉ.3 
  Barcode: 21143
ห้องสมุดวิทยาเขตนครสวรรค์
►หนังสือทั่วไป:l:General Books
บนชั้น
4. วิทยาศาสตร์การแพทย์ และสุขภาพ
วิทยาศาสตร์การแพทย์ และสุขภาพ
WC528 ป418ร ฉ.4 
  Barcode: 21144
ห้องสมุดวิทยาเขตนครสวรรค์
►หนังสือทั่วไป:l:General Books
บนชั้น
5. วิทยาศาสตร์การแพทย์ และสุขภาพ
วิทยาศาสตร์การแพทย์ และสุขภาพ
WC528 ป418ร ฉ.5 
  Barcode: 21145
ห้องสมุดวิทยาเขตนครสวรรค์
►หนังสือทั่วไป:l:General Books
บนชั้น

รายการใกล้เคียง
    ผู้แต่ง [ประเสริฐ ทองเจริญ]

    หัวเรื่อง [โรคไข้เลือดออกเด็งกี่]

BibComment


ยังไม่เคยถูกคอมเมนท์

คอมเมนท์ทรัพยากรรายการนี้
  คอมเมนท์: ระบาดบันลือโลก 22..


 Copyright 2026. Bcnsprnw @Library